Sports Quiz

Random Sports or NCAA Quiz

Match the SoCon Schools to their Locations Quiz Stats

 Plays Quiz not verified by Sporcle

Score 0/10 Timer 02:00
0 Plays Today
% Correct
The Citadel
87.2%
UTC
84.6%
East Tennessee State
84.6%
UNCG
82.1%
Wofford
69.2%
Mercer
66.7%
Furman
64.1%
Virginia Military Institute
64.1%
Samford
59%
Western Carolina
56.4%

You're not logged in!

Compare scores with friends on all Sporcle quizzes.
OR
Log In

Show Comments

Extras

Top Quizzes Today


Score Distribution

Your Account Isn't Verified!

In order to create a playlist on Sporcle, you need to verify the email address you used during registration. Go to your Sporcle Settings to finish the process.

Report this User

Report this user for behavior that violates our Community Guidelines.

Details: